| 000 | 00776nam a2200241 i 4500 | ||
|---|---|---|---|
| 001 | 25636 | ||
| 003 | ES-MaACL | ||
| 005 | 20250916203055.0 | ||
| 007 | t| | ||
| 008 | 021227s1931 sp ||||1| spa d | ||
| 080 | _a929 Chaplin, Charles:791.43 | ||
| 080 | _a929 Bow, Clara, seud de Sara Frances:791.43 | ||
| 080 | _a929 Lloyd, Harold:791.43 | ||
| 100 | 1 |
_aArconada, César M., _d1898-1964 _9142239 |
|
| 245 | 1 | 0 |
_aTres cómicos del cine / _cCésar M. Arconada. |
| 260 |
_aMadrid : _b[s.n., _c1931] ( _fGalo Saez) |
||
| 300 |
_a286 p. ; _c19 x 13 cm. |
||
| 600 | 1 | 4 |
_aChaplin, Charlie, _d1889-1977 _938021 |
| 600 | 1 | 4 |
_aBow, Clara ( _d1905-1965) _9171032 |
| 600 | 1 | 4 |
_aLloyd, Harold, _d1893-1971 _9171033 |
| 852 |
_aES-MaACL _jF-13759 |
||
| 999 |
_c25636 _d25636 |
||